000
00270nam a2200121Ia 4500
100
_a
Khedkar/S.K.
942
_c
BK
654
_a
electronic
245
_a
Electronic instrumentation
260
_b
Technova
_a
New Delhi
_c
1997
082
_a
621.3815
_b
KHE
546
_a
ENGLISH
999
_c
25822
_d
25822